000 00361 a2200157 4500
001 62457
020 _a8575370456
040 _cAnchieta - Pituba
100 _aLopez, Ricardo Aldabó
240 1 0 _aCoração de Caudilho
_lpor
245 1 0 _aCoração de Caudilho
300 _a285
362 0 _a2005
650 4 _aHistória do Rio Grande do Sul
942 _cBK
999 _c62457
_d62457